Bruno Giordano Sanzin : aeropoeta /

Saved in:
Bibliographic Details
Main Author: Sanzin, Bruno G., 1906-
Other Authors: Sanzin, Paolo.
Format: Book
Language:Italian
Published: Latina : Novecento, 2004.
Series:Futura (Latina (Lazio, Italy)) ; 1.
Subjects:
Tags: Add Tag
No Tags, Be the first to tag this record!
LEADER 00901cam a2200289Ia 4500
001 009551892-4
005 20071120184835.0
008 050201s2004 it a 000 0dita d
035 0 |a ocm57547652 
040 |a C3L  |c C3L  |d OCLCQ  |d PIT 
043 |a e-it--- 
045 |a x0x4  |a x4x- 
082 0 4 |a 851  |2 21 
090 |a PQ4841.A69  |b A6 2004 
100 1 |a Sanzin, Bruno G.,  |d 1906- 
240 1 0 |a Works.  |k Selections.  |f 2004 
245 1 0 |a Bruno Giordano Sanzin :  |b aeropoeta /  |c a cura di Paolo Sanzin ; con una nota critica di Roberta Sciarretta. 
246 3 0 |a Aeropoeta 
260 |a Latina :  |b Novecento,  |c 2004. 
300 |a 71 p. :  |b ill. (some col.) ;  |c 22 x 23 cm. 
490 1 |a Futura ;  |v 1 
504 |a Includes bibliographical references (p. 67). 
600 1 0 |a Sanzin, Bruno G.,  |d 1906- 
700 1 |a Sanzin, Paolo. 
830 0 |a Futura (Latina (Lazio, Italy)) ;  |v 1. 
988 |a 20050215 
906 |0 OCLC